[Event "AUTO-OPEN-2927"]
[Site "http://www.queenalice.com/game.php?id=1155717"]
[Date "2013.2.26"]
[Round "1"]
[White "Matteo23"]
[Black "jalhallib"]
[Result "1/2-1/2"]
[WhiteElo "1482"]
[BlackElo "1899"]

1. e4 c6 2. d4 d5 3. Nc3 dxe4 4. Nxe4 Bf5 5. Qf3 Bxe4 6. Qxe4 e6 7. Nf3 Nf6 8.
Qh4 Be7 9. Bc4 h6 10. O-O b5 11. Bd3 Nd5 12. Qg4 Bf6 13. Ne5 Ne7 14. Re1 Nd7 15.
Qh5 Bxe5 16. dxe5 Ng6 17. Bxg6 fxg6 18. Qxg6+ Kf8 19. Qxe6 c5 20. Qf5+ Kg8 21.
e6 Qe8 22. Bf4 Nf6 23. e7 Rc8 24. g4 Rh7 25. g5 hxg5 26. Bxg5 Rh5 27. Qe6+ Kh8
28. Bxf6 Qg6+ 29. Kh1 Re8 30. Qd7 gxf6 31. Rg1 Qe4+ 32. Rg2 Rg8 33. Rg1 Rhg5 34.
Qh3+ Qh7 35. Rxg5 fxg5 36. Qxh7+ Kxh7 37. Rxg5 Re8 38. Re5 a6 39. f4 Kg6 40. h4
Kf6 41. Re1 Rxe7 42. Rxe7 Kxe7 43. Kg2 Kf6 44. Kg3 Kf5 45. h5 a5 46. h6 Kg6 47.
Kg4 Kxh6 48. f5 Kg7 49. Kg5 Kf7 50. f6 c4 51. Kf5 b4 52. Ke5 a4 53. Kf5 b3 54.
cxb3 cxb3 55. a3 Kf8 56. Ke6 Ke8 57. f7+ Kf8 58. Kf6 1/2-1/2

[Event "Challenge"]
[Site "http://www.queenalice.com/game.php?id=1157590"]
[Date "2013.3.4"]
[Round "-"]
[White "Leucio"]
[Black "Matteo23"]
[Result "1-0"]
[WhiteElo "1663"]
[BlackElo "1482"]

1. d4 d5 2. c4 c5 3. dxc5 e6 4. e3 Qa5+ 5. Bd2 Qxc5 6. Nc3 d4 7. exd4 Qxd4 8.
Nb5 Qe4+ 9. Be2 Na6 10. Nf3 Be7 11. Be3 Bb4+ 12. Nd2 Qxg2 13. Bf3 Qh3 14. Qe2
Nf6 15. O-O-O O-O 16. Rhg1 g6 17. Bd4 Bd7 18. Bxf6 Bxb5 19. cxb5 Rfc8+ 20. Kb1
Qf5+ 21. Ne4 Nc5 22. a3 Nxe4 23. Bxe4 Qxf6 24. Bxb7 Bc3 25. bxc3 Rxc3 26. Bxa8
Rb3+ 27. Ka2 Rh3 28. Rd7 e5 29. Qb2 Qe6+ 30. Rd5 Rd3 31. Qxe5 Qh3 32. Rg3 Qf1
33. Rgxd3 Qxf2+ 34. Rd2 1-0

[Event "Challenge"]
[Site "http://www.queenalice.com/game.php?id=1158954"]
[Date "2013.3.8"]
[Round "-"]
[White "Matteo23"]
[Black "Leucio"]
[Result "0-1"]
[WhiteElo "1451"]
[BlackElo "1708"]

1. e4 e5 2. Bb5 a6 3. Bc4 b5 4. Bd5 c6 5. Bxf7+ Kxf7 6. Qh5+ g6 7. Qxe5 Bg7 8.
Qf4+ Nf6 9. e5 Re8 10. Ne2 d5 11. exf6 Bxf6 12. Qh6 Kg8 13. O-O Rxe2 14. Nc3 Re5
15. d4 Rh5 16. Qf4 Rh4 17. Qe3 Nd7 18. Qe6+ Kh8 19. Qxc6 Nb6 20. Nxd5 Bxd4 21.
Nxb6 Bxb6 22. Qxa8 Bc7 23. Bg5 Bxh2+ 24. Kh1 Bc7+ 25. Kg1 Bh2+ 26. Kh1 Bf4+ 27.
Kg1 Qxg5 28. Qxc8+ Kg7 29. Qb7+ Kh6 30. Qf3 Bh2+ 31. Kh1 Bg3+ 32. Kg1 Rh1+ 0-1

[Event "AUTO-OPEN-2939"]
[Site "http://www.queenalice.com/game.php?id=1160422"]
[Date "2013.3.12"]
[Round "1"]
[White "Matteo23"]
[Black "CCapivara"]
[Result "0-1"]
[WhiteElo "1433"]
[BlackElo "2116"]

1. e4 d6 2. Bc4 Nf6 3. d4 Nxe4 4. Qf3 d5 5. Bb3 e6 6. Nc3 Nxc3 7. Qxc3 Nc6 8.
Ba4 Bd7 9. Qg3 Nxd4 10. Bxd7+ Qxd7 11. Qd3 Nf5 12. Nf3 Bd6 13. O-O O-O 14. Ng5
h6 15. Nxe6 Qxe6 16. g4 Ne7 17. Bxh6 Qxh6 18. Rae1 Qxh2# 0-1

[Event "AUTO-OPEN-2939"]
[Site "http://www.queenalice.com/game.php?id=1160423"]
[Date "2013.3.12"]
[Round "1"]
[White "CCapivara"]
[Black "Matteo23"]
[Result "1-0"]
[WhiteElo "2092"]
[BlackElo "1433"]

1. e4 e5 2. f4 d6 3. Nf3 Nc6 4. Bc4 Nf6 5. d3 Bg4 6. O-O Nd4 7. Nbd2 d5 8. exd5
Nxd5 9. Ne4 Ne3 10. Bxe3 c6 11. Bxd4 exd4 12. Qe1 f6 13. Nxf6# 1-0

[Event "AUTO-OPEN-2939"]
[Site "http://www.queenalice.com/game.php?id=1160424"]
[Date "2013.3.12"]
[Round "1"]
[White "Matteo23"]
[Black "rpalmero"]
[Result "0-1"]
[WhiteElo "1433"]
[BlackElo "1861"]

1. e4 c5 2. Bc4 e6 3. d3 Qc7 4. Nh3 Bd6 5. O-O a6 6. Ng5 Bxh2+ 7. Kh1 Bf4 8.
Bxf4 Qxf4 9. Nh3 Qc7 10. Qg4 g6 11. Qf3 b5 12. Ng5 f6 13. Nh3 bxc4 14. dxc4 Bb7
15. Nc3 Nc6 16. e5 Nxe5 17. Ne4 Nxf3 0-1

[Event "AUTO-OPEN-2939"]
[Site "http://www.queenalice.com/game.php?id=1160425"]
[Date "2013.3.12"]
[Round "1"]
[White "rpalmero"]
[Black "Matteo23"]
[Result "1-0"]
[WhiteElo "1944"]
[BlackElo "1433"]

1. e4 e5 2. Nf3 Nc6 3. Bc4 Nh6 4. Nc3 Bc5 5. O-O Nd4 6. Nxe5 O-O 7. d3 d6 8. Nf3
Bg4 9. Bxh6 Qf6 10. Bxg7 Qf4 11. Bxd4 Bxd4 12. Nd5 Qh6 13. h3 Bh5 14. g4 Bxg4
15. hxg4 f5 16. exf5 Bxb2 17. Rb1 Ba3 18. Rxb7 c6 19. Nf6+ Kh8 20. Rxh7+ Qxh7
21. Nxh7 Kxh7 22. Kg2 d5 23. Rh1+ Kg7 24. Qa1+ Kf7 25. Rh7+ Kg8 26. Qg7# 1-0

[Event "Challenge"]
[Site "http://www.queenalice.com/game.php?id=1161037"]
[Date "2013.3.15"]
[Round "-"]
[White "Leucio"]
[Black "Matteo23"]
[Result "0-1"]
[WhiteElo "1721"]
[BlackElo "1433"]

1. e4 e5 2. Nf3 Nc6 3. d4 d6 4. dxe5 dxe5 5. Nc3 Bb4 6. Bd2 Bg4 7. Be2 Bxf3 8.
Bxf3 Nd4 9. Nd5 Nxf3+ 10. Qxf3 Bxd2+ 11. Kxd2 Nf6 12. Ke2 O-O 13. Rad1 Nxd5 14.
Rxd5 Qg5 15. h4 Qh6 16. Rxe5 Rad8 17. g4 Qd2+ 18. Kf1 Qxc2 19. h5 f6 20. Re7
Rfe8 21. Rxe8+ Rxe8 22. g5 fxg5 23. Rg1 Rxe4 24. Rxg5 h6 25. Rd5 Qc4+ 26. Rd3
Rd4 27. Ke2 Qc2+ 0-1

[Event "Challenge"]
[Site "http://www.queenalice.com/game.php?id=1163470"]
[Date "2013.3.21"]
[Round "-"]
[White "Matteo23"]
[Black "Leucio"]
[Result "0-1"]
[WhiteElo "1548"]
[BlackElo "1713"]

1. d4 d5 2. Bg5 f6 3. Bf4 Nc6 4. e3 e5 5. dxe5 fxe5 6. Bg3 Nf6 7. Bb5 Bd7 8. Nc3
a6 9. Ba4 b5 10. Bb3 Bc5 11. Bxe5 Nxe5 12. Bxd5 c6 13. h3 Nxd5 14. Nxd5 cxd5 15.
Qh5+ Ng6 16. Qxd5 Be7 17. O-O-O Rc8 18. Nf3 Qc7 19. Nd4 Bf6 20. c3 b4 21. Rd2
bxc3 22. Rc2 cxb2+ 23. Kxb2 Qxc2+ 0-1

[Event "Challenge"]
[Site "http://www.queenalice.com/game.php?id=1164765"]
[Date "2013.3.25"]
[Round "-"]
[White "Leucio"]
[Black "Matteo23"]
[Result "0-1"]
[WhiteElo "1727"]
[BlackElo "1535"]

1. d4 c6 2. e4 e5 3. dxe5 Qa5+ 4. Bd2 Qxe5 5. Nc3 d5 6. Nf3 Qe7 7. e5 f6 8. Qe2
Be6 9. exf6 gxf6 10. O-O-O Bh6 11. Re1 Bxd2+ 12. Nxd2 c5 13. Nxd5 Qd7 14. Ne4
Qxd5 15. Rd1 Qxa2 16. Nxf6+ Nxf6 0-1

[Event "Challenge"]
[Site "http://www.queenalice.com/game.php?id=1167302"]
[Date "2013.4.2"]
[Round "-"]
[White "Severynnas"]
[Black "Matteo23"]
[Result "0-1"]
[WhiteElo "1455"]
[BlackElo "1528"]

1. d4 c6 2. Nf3 d5 3. Ne5 Nh6 4. Nc3 Bf5 5. Be3 e6 6. g3 Na6 7. Qd2 Nb4 8. O-O-O
Nxc2 9. b4 Nxb4 10. a3 Nc2 11. Bf4 Bxa3+ 12. Kb1 Qb6+ 13. Ka2 Qb2# 0-1

[Event "Challenge"]
[Site "http://www.queenalice.com/game.php?id=1170545"]
[Date "2013.4.11"]
[Round "-"]
[White "danoche"]
[Black "Matteo23"]
[Result "0-1"]
[WhiteElo "1551"]
[BlackElo "1506"]

1. e4 e5 2. Nf3 Nc6 3. c3 Nf6 4. Qc2 Bc5 5. d3 Ng4 6. Be3 Bxe3 7. fxe3 Nxe3 8.
Qe2 Nxf1 9. Qxf1 O-O 10. Nbd2 d6 11. h3 a5 12. g4 b6 13. O-O-O Ba6 14. Qe2 Qf6
15. h4 a4 16. a3 Qe6 17. Qe3 Qa2 18. Nb1 Na5 19. Nfd2 c5 20. c4 b5 21. Nc3 Qa1+
0-1

[Event "Challenge"]
[Site "http://www.queenalice.com/game.php?id=1170548"]
[Date "2013.4.11"]
[Round "-"]
[White "Matteo23"]
[Black "danoche"]
[Result "1-0"]
[WhiteElo "1524"]
[BlackElo "1510"]

1. d4 d5 2. c4 dxc4 3. Qa4+ Nc6 4. Qxc4 Nxd4 5. Bf4 Nc6 6. e3 e5 7. Qe4 Nf6 8.
Qf3 exf4 9. Qxf4 Bd6 10. Qa4 Bd7 11. Nf3 O-O 12. Bc4 Ne5 13. Qb3 Nxc4 14. Qxc4
b5 15. Qb3 c5 16. Ng5 c4 17. Qc2 g6 18. h4 Qe7 19. Nc3 a6 20. h5 Bf5 21. Qd2 1-0

[Event "Challenge"]
[Site "http://www.queenalice.com/game.php?id=1171004"]
[Date "2013.4.12"]
[Round "-"]
[White "renet54"]
[Black "Matteo23"]
[Result "1-0"]
[WhiteElo "1616"]
[BlackElo "1546"]

1. d4 d5 2. Nf3 c5 3. c3 cxd4 4. Qxd4 Nc6 5. Qd1 Nf6 6. Bf4 e5 7. Bxe5 d4 8. Qa4
Bd7 9. Qd1 Ne4 10. Bxd4 Nxf2 11. Bxf2 Qa5 12. e4 O-O-O 13. Bd3 Bc5 14. Nd4 Bxd4
15. Bxd4 Nxd4 16. O-O 1-0

[Event "Challenge"]
[Site "http://www.queenalice.com/game.php?id=1171005"]
[Date "2013.4.12"]
[Round "-"]
[White "Matteo23"]
[Black "renet54"]
[Result "0-1"]
[WhiteElo "1566"]
[BlackElo "1563"]

1. d4 d5 2. c4 Nf6 3. cxd5 e6 4. dxe6 Bxe6 5. Nc3 Bb4 6. a3 Bxc3+ 7. bxc3 c6 8.
e3 O-O 9. e4 Nxe4 10. Bh6 Qf6 11. Bxg7 Qxf2# 0-1

[Event "JOGO 2"]
[Site "http://www.queenalice.com/game.php?id=1171425"]
[Date "2013.4.14"]
[Round "-"]
[White "MONSTERXADREZ"]
[Black "Matteo23"]
[Result "0-1"]
[WhiteElo "1359"]
[BlackElo "1554"]

1. d4 d5 2. b4 b5 3. Nc3 c6 4. g3 Bf5 5. Bg2 e6 6. Nf3 Bxb4 7. Bd2 Qa5 8. Nb1
Na6 9. c3 Ba3 10. Nxa3 Qxa3 11. O-O h5 12. Ne5 h4 13. Bc1 Qxc3 14. Be3 hxg3 15.
fxg3 Qxe3+ 16. Kh1 Qh6 17. h4 Qe3 0-1

[Event "Challenge"]
[Site "http://www.queenalice.com/game.php?id=1173042"]
[Date "2013.4.18"]
[Round "-"]
[White "myouga"]
[Black "Matteo23"]
[Result "0-1"]
[WhiteElo "1469"]
[BlackElo "1512"]

1. e3 d5 2. Nf3 c6 3. Ne5 Nh6 4. b3 f6 5. Nd3 Bg4 6. f3 Bh5 7. Nc3 Nf5 8. g4 Ng3
9. Rg1 Nxf1 10. Rxf1 Bg6 11. Ba3 Qa5 12. Bb4 Qc7 13. Nf4 d4 14. Nxg6 hxg6 15.
exd4 Rxh2 16. Ne4 f5 17. gxf5 gxf5 18. Nc5 Qg3+ 19. Rf2 Qxf2# 0-1

[Event "Challenge"]
[Site "http://www.queenalice.com/game.php?id=1173613"]
[Date "2013.4.20"]
[Round "-"]
[White "Leucio"]
[Black "Matteo23"]
[Result "0-1"]
[WhiteElo "1633"]
[BlackElo "1582"]

1. d4 d5 2. c4 c6 3. b4 Bf5 4. Nc3 e6 5. Nf3 Bxb4 6. Bd2 Na6 7. Qa4 Ne7 8. Ng5
O-O 9. e4 dxe4 10. Ncxe4 Qxd4 11. Rd1 Qb2 0-1

[Event "Challenge"]
[Site "http://www.queenalice.com/game.php?id=1173760"]
[Date "2013.4.21"]
[Round "-"]
[White "Matteo23"]
[Black "Leucio"]
[Result "1-0"]
[WhiteElo "1562"]
[BlackElo "1653"]

1. e4 e5 2. Bc4 Nf6 3. Qf3 Nc6 4. Nc3 Nd4 5. Qd3 Bc5 6. Bxf7+ Kxf7 7. Qc4+ Ne6
8. Nf3 c6 9. Nxe5+ Ke7 10. d3 Rf8 11. Be3 1-0

[Event "Challenge"]
[Site "http://www.queenalice.com/game.php?id=1175060"]
[Date "2013.4.25"]
[Round "-"]
[White "arkasha"]
[Black "Matteo23"]
[Result "1-0"]
[WhiteElo "1453"]
[BlackElo "1525"]

1. c4 e5 2. Nc3 Bc5 3. Ne4 d6 4. Nxc5 Na6 5. Nxa6 bxa6 6. Nf3 Bb7 7. e3 Nf6 8.
d3 O-O 9. Be2 Ng4 10. e4 Qf6 11. O-O c6 12. Bg5 Qg6 13. h3 Nh2 14. Kxh2 d5 15.
cxd5 cxd5 16. Qd2 Qd6 17. Nh4 dxe4 18. Nf5 Qd7 19. Bg4 Qd5 20. Ne7+ 1-0

[Event "Challenge"]
[Site "http://www.queenalice.com/game.php?id=1175909"]
[Date "2013.4.27"]
[Round "-"]
[White "sunking1"]
[Black "Matteo23"]
[Result "0-1"]
[WhiteElo "1521"]
[BlackElo "1539"]

1. e4 e5 2. Nf3 Qf6 3. d4 exd4 4. Qxd4 Qxd4 5. Nxd4 Nf6 6. Nf5 Nxe4 7. f3 Nc5 8.
g4 g6 9. Ne3 d6 10. Nd5 Nba6 11. Bxa6 Nxa6 12. Nf6+ Ke7 13. Nd5+ Kd8 14. Bg5+
Ke8 15. Nf6+ Ke7 16. Nd5+ Ke8 17. Nbc3 Be6 18. Nxc7+ Nxc7 19. Rd1 h5 20. h4 hxg4
21. f4 Bg7 22. Ne4 d5 23. Nc5 f6 24. f5 fxg5 25. fxe6 gxh4 26. Rd2 g3 27. Kf1 h3
28. Kg1 h2+ 29. Kg2 Be5 30. Nd3 Bd6 31. Re2 Ke7 32. b4 Nxe6 33. Re3 Kd7 34. a3
Raf8 35. Rf3 Rxf3 36. Kxf3 Nd4+ 37. Kg2 Nxc2 38. Nb2 Nxa3 39. Nd1 Nc2 40. b5 g5
41. Nc3 g4 42. Nxd5 Rf8 43. Nc3 Rf2# 0-1